Biblioteca

El mensaje social cristiano (Registro nro. 63604)

Detalles MARC
000 -LÍDER
Campo fijo de descripción fija 01651nam a22003734i 4500
001 - NÚMERO DE CONTROL
Campo de control ebr10272242
003 - IDENTIFICADOR DEL NÚMERO DE CONTROL
Campo de control CO-MdFUSB
005 - FECHA Y HORA DE LA ULTIMA TRANSACCIÓN
control field 20200414205105.0
007 - CAMPO FIJO DE DESCRIPCIÓN FIJA--INFORMACIÓN GENERAL
Campo fijo de descripción fija cr cn|||||||||
008 - ELEMENTOS DE LONGITUD FIJA -- INFORMACIÓN GENERAL
Campo fijo de descripción fija -- Información general 130510t2009 sp gs 000 0 spa d
020 ## - NÚMERO INTERNACIONAL NORMALIZADO PARA LIBROS
Cancelado / ISBN no válido 9788431354299
Número Internacional Normalizado del libro [electrónico]
040 ## - FUENTE DE CATALOGACIÓN
Agencia de catalogación original FlNmELB
Idioma de catalogación spa.
Agencia que realiza la transcripción CO-MdFUSB
Agencia que realiza la modificación CO-MdFUSBC
Convenciones de la descripción rda
041 ## - CÓDIGO DE IDIOMA
Código de idioma para texto/pista de sonido o título separado spa
082 ## - NÚMERO DE CLASIFICACIÓN DECIMAL DEWEY
Número de clasificación 348.11:304
245 03 - TÍTULO
Título del Material El mensaje social cristiano
Mención de responsabilidad, etc. / editado por Julio de la Vega-Hazas
Medio físico [recurso electrónico]
264 #1 - PRODUCCIÓN, PUBLICACIÓN, DISTRIBUCIÓN, MANUFACTURA, Y COPYRIGHT
Lugar de producción, publicación, distribución, manufactura España :
Nombre del productor, publicador, distribuidor EUNSA,
Fecha de producción, publicación, distribución, manufactura, o copyright [2009]
264 #4 - PRODUCCIÓN, PUBLICACIÓN, DISTRIBUCIÓN, MANUFACTURA, Y COPYRIGHT
Fecha de producción, publicación, distribución, manufactura, o copyright © 2009
300 ## - DESCRIPCIÓN FÍSICA
Extensión recurso en línea (193 páginas)
Dimensiones ;
336 ## - TIPO DE CONTENIDO
Fuente rdacontent
Término de tipo de contenido texto
Código de tipo de contenido txt
337 ## - TIPO DE MEDIO
Fuente rdamedia
Nombre del tipo de medio informático
Código del tipo de medio c
338 ## - TIPO DE SOPORTE
Fuente rdacarrier
Nombre del tipo de soporte remoto
Código Tipo de soporte cr
347 ## - CARACTERÍSTICAS DEL ARCHIVO DIGITAL
Fuente rda
Tipo de archivo fichero de texto
Formato de codificación Html
505 ## - NOTA DE CONTENIDO
Nota de contenido con formato preestablecido Fundamentos De La Doctrina Social De La Iglesia. -- Principios De La Doctrina Social De La Iglesia. -- La Familia. -- El Derecho. -- Ética Fiscal De Los Principios A La Práctica. -- Las Relaciones Laborales. -- La Empresa. -- El Mercado. -- Apéndice 1. -- Congregación Para La Doctrina De La Fe: (...). -- Apéndice 2 Discurso Del Santo Padre Benedicto Xvi (...)<br/>
516 ## - NOTA DE TIPO DE ARCHIVO O DATOS DE COMPUTADOR
Nota de tipo de archivo o datos de computador texto electrónico<br/>
538 ## - NOTA DE DETALLES DEL SISTEMA
Nota de detalles del sistema Acceso a Internet; requiere usuario y clave asignada por la biblioteca<br/>
650 #4 - ASIENTO SECUNDARIO DE MATERIA - TERMINO TEMÁTICO
Término temático o nombre geográfico como elemento de entrada Iglesia.
650 #4 - ASIENTO SECUNDARIO DE MATERIA - TERMINO TEMÁTICO
Término temático o nombre geográfico como elemento de entrada Doctrinas religiosas.
700 1# - ASIENTO SECUNDARIO - NOMBRE PERSONAL
Nombre personal Vega-Hazas, Julio de la,
Responsabilidad editor
856 40 - LOCALIZACIÓN Y ACCESO ELECTRÓNICOS
Identificador Uniforme del Recurso <a href="http://site.ebrary.com/lib/unisbcsp/Doc?id=10272242">http://site.ebrary.com/lib/unisbcsp/Doc?id=10272242</a>
Numero de Acceso 10272242
Nota dirigida al público <a href="Abrir Versión electrónica del libro El mensaje social cristiano ">Abrir Versión electrónica del libro El mensaje social cristiano </a>
942 ## - TIPO DE MATERIAL (KOHA)
Tipo de Item KOHA Libros General
945 ## - INFORMACIÓN LOCAL DEL REGISTRO
Catalogador JTF-925
Existencias
Estado de Material Estado de Perdido Forma de Clasificación Estado de Dañado No para Préstamo Colección Biblioteca de Origen Biblioteca Permanente Ubicación en Estantería Fecha de Adquisición Forma de Adquisición Área Total de Préstamos Código de Barras Última vez visto Ejemplar/Existencia Url Tipo de Material Nota Pública
    Dewey Decimal Classification     Colección Libros Electrónicos Biblioteca FUSBC Biblioteca FUSBC Libro electrónico 07/04/2020 Compra FILOSOFIA   ID10272242 18/04/2016 Ej. 1 https://bit.ly/2Rjk81o Libro electrónico LIBRO ELECTRÓNICO - Seguir link de acceso.

Biblioteca FUSBC | Teléfono: (57+4) 349 88 10 Ext. 141| WhatsApp (+57) 3005338115 
E-mail: biblioteca@unisbc.edu.co | Calle 76 87-14 Robledo Palenque, Medellín, Colombia

Con tecnología Koha